Inter-acciones : apuestas regionales de la investigación en comunicación 2017 /

Bibliographic Details
Main Author: Fuentes N., Raúl (Author)
Format: Electronic eBook
Language:Spanish
Published: Bogotá D.C., Colombia : Corporación Universitaria Minuto de Dios - UNIMINUTO, [2018]
Edition:Primera edición.
Subjects:
Online Access:Digitalia Hispánica

MARC

LEADER 00000nam a2200000 i 4500
001 DIGCUMD0226
003 NyNyDIG
006 m o d
007 cr |||||||||||
008 240401s2018 ck a ob 000 0 spa d
035 |a (OCoLC)1430189439 
040 |a DGITA  |b eng  |e rda  |e pn  |c DGITA 
020 |a 9789587632880  |q eBook 
050 1 4 |a LB1033.5 ebook 
245 0 0 |a Inter-acciones :  |b apuestas regionales de la investigación en comunicación 2017 /  |c Raúl Fuentes Navarro [and 14 others]. 
246 3 |a Interacciones  
250 |a Primera edición. 
264 1 |a Bogotá D.C., Colombia :  |b Corporación Universitaria Minuto de Dios - UNIMINUTO,  |c [2018] 
300 |a 1 online resource :  |b illustrations. 
336 |a text  |b txt  |2 rdacontent 
337 |a computer  |b c  |2 rdamedia 
338 |a online resource  |b cr  |2 rdacarrier 
347 |a text file  |2 rdaft 
347 |b PDF 
504 |a Includes bibliographical references. 
588 0 |a Online resource; title from PDF title page (Digitalia, viewed April 1, 2024) 
650 0 |a Communication in education  |x Research. 
650 0 |a Communication  |x Social aspects. 
700 1 |a Fuentes N., Raúl,  |e author. 
791 2 |a Digitalia (Firm),  |e distributor. 
793 0 |g Digitalia eBook Collection:  |a Corporación Universitaria Minuto de Dios 
856 4 0 |3 Digitalia Hispánica  |u https://www.digitaliapublishing.com/a/131769/ 
910 |a Premium collection: 2024